Sarveshwar Dayal saxena ka rachana karma/ (Record no. 40745)

000 -LEADER
fixed length control field 00477nam a22001691a 4500
020 ## - INTERNATIONAL STANDARD BOOK NUMBER
ISBN 9788181434678
082 ## - DEWEY DECIMAL CLASSIFICATION NUMBER
Classification number H100 9
Item number KRI/S
100 ## - MAIN ENTRY--AUTHOR NAME
Personal name Krishnadutt Paliwala
245 ## - TITLE STATEMENT
Title Sarveshwar Dayal saxena ka rachana karma/
Statement of responsibility, etc by Krishnadutt Paliwala
260 ## - PUBLICATION, DISTRIBUTION, ETC. (IMPRINT)
Place of publication New Delhi:
Name of publisher Vani,
Year of publication 2006.
300 ## - PHYSICAL DESCRIPTION
Number of Pages 259p.
650 ## - SUBJECT ADDED ENTRY--TOPICAL TERM
Topical Term Literature Sarveshwar Dayal Saxena Criticism
650 ## - SUBJECT ADDED ENTRY--TOPICAL TERM
Topical Term Poetry Hindi Criticism
650 ## - SUBJECT ADDED ENTRY--TOPICAL TERM
Topical Term Literature Hindi
650 ## - SUBJECT ADDED ENTRY--TOPICAL TERM
Topical Term Literature
942 ## - ADDED ENTRY ELEMENTS (KOHA)
Koha item type Book
Holdings
Withdrawn status Lost status Damaged status Not for loan Permanent Location Current Location Date acquired Cost, normal purchase price Full call number Accession Number Cost, replacement price Price effective from Koha item type
        Sree Sankaracharya University of Sanskrit Sree Sankaracharya University of Sanskrit 08.01.2015 295.00 H100 9 KRI/S 054488 0.00 08.01.2015 Book
        Sree Sankaracharya University of Sanskrit Sree Sankaracharya University of Sanskrit 08.01.2015 295.00 H100 9 KRI/S 054917 0.00 08.01.2015 Book